| 000 | 00713cab a2200241 4500 | ||
|---|---|---|---|
| 001 | ABS56683 | ||
| 008 | 090401t1997 xxu||||| |||| 00| 0 eng d | ||
| 035 | _a(Sirsi) u77614 | ||
| 041 | _aeng | ||
| 245 | _aFocus `97: MIPIM | ||
| 260 | _c1997 | ||
| 350 | _a0 | ||
| 490 |
_aEstates Gazette _v(9710) 8 March 1997, 121-135(7) |
||
| 520 | _aReports on the MIPIM event in Cannes and looks two of the topics under discussion, how London should promote itself in the world-wide arena and pan-European leisure. | ||
| 650 | _aEUROPE | ||
| 650 | _aLEISURE | ||
| 650 | _aLONDON | ||
| 650 | _aMIPIM | ||
| 650 | _aPROPERTY MARKET | ||
| 690 | _aPROPERTY-COMMERCIAL PROPERTY | ||
| 942 | _n0 | ||
| 948 | _c07/04/1997 | ||
| 999 |
_c48790 _d48790 |
||